000 00753nam a2200217Ia 4500
003 GCL
008 140319s9999 xx 000 0 ara d
020 _a8055064977
040 _aGCL /
_cGCL
082 0 4 _a621.38804
_bف ت
100 1 _aفاروق محمد العامرى
245 1 0 _aالتلفزيون الملون صيانة واصلاح =colourred televivision maintenanance repair :
_bنظام بال وسيكام /
_cفاروق محمد العامرى
250 _aالاولى
260 _aالقاهرة :
_bالدار المصرية اللبنانية ،
_c1992
300 _a579 ص
490 _a
650 0 4 _aالصيانة
650 0 4 _aالتليفزيون الملون
650 0 4 _aالتليفزيون
942 _2ddc
_cBK
999 _c55945
_d55945